Essentials of engineering fluid mechanics (Record no. 15937)

000 -LEADER
fixed length control field 00557nam a22002057a 4500
001 - CONTROL NUMBER
control field 15937
003 - CONTROL NUMBER IDENTIFIER
control field BD-DhUET
008 - FIXED-LENGTH DATA ELEMENTS--GENERAL INFORMATION
fixed length control field 150207b1961 xxu||||| |||| 00| 0 eng d
020 ## - INTERNATIONAL STANDARD BOOK NUMBER
International Standard Book Number 0700225323
040 ## - CATALOGING SOURCE
Original cataloging agency DLC
Transcribing agency DLC
Modifying agency BD-DhUET
082 ## - DEWEY DECIMAL CLASSIFICATION NUMBER
Classification number 620.1113
Item number OLS/1961
100 ## - MAIN ENTRY--PERSONAL NAME
Personal name Olson, Reuben M.
245 ## - TITLE STATEMENT
Title Essentials of engineering fluid mechanics
250 ## - EDITION STATEMENT
Edition statement 1st ed.
260 ## - PUBLICATION, DISTRIBUTION, ETC. (IMPRINT)
Place of publication, distribution, etc. Scranton
Name of publisher, distributor, etc. International Textbook
Date of publication, distribution, etc. 1961
300 ## - PHYSICAL DESCRIPTION
Extent xi, 404 p.
Other physical details ill.
504 ## - BIBLIOGRAPHY, ETC. NOTE
Bibliography, etc Includes bibliographies
650 #0 - SUBJECT ADDED ENTRY--TOPICAL TERM
Topical term or geographic name as entry element Fluids mechanics : Engineering
942 ## - ADDED ENTRY ELEMENTS (KOHA)
Koha item type General Book
Holdings
Damaged status Not for loan Source of classification or shelving scheme Koha item type Koha full call number Piece designation (barcode) Copy number Location (home branch) Koha normalized classification for sorting Sublocation or collection (holding branch) Price effective from Lost status Withdrawn status Shelving location Koha date last seen Date acquired
   General Book620.1113/OLS/196194721Central Library, BUET620_111300000000000_OLS_1961Central Library, BUET2015-03-16  Circulation section2015-03-162015-03-16
   General Book620.1113/OLS/196189602Central Library, BUET620_111300000000000_OLS_1961Central Library, BUET2015-03-18  Circulation section2015-03-182015-03-18
   General Book620.1113/OLS/196189593Central Library, BUET620_111300000000000_OLS_1961Central Library, BUET2015-04-22  Circulation section2015-04-222015-04-22
   General Book620.1113/OLS/1961123634Central Library, BUET620_111300000000000_OLS_1961Central Library, BUET2015-04-22  Circulation section2015-04-222015-04-22
   General Book620.1113/OLS/1961351825Central Library, BUET620_111300000000000_OLS_1961Central Library, BUET2015-04-22  Circulation section2015-04-222015-04-22
   General Book620.1113/OLS/1961123626Central Library, BUET620_111300000000000_OLS_1961Central Library, BUET2015-04-22  Circulation section2015-04-222015-04-22
   General Book620.1113/OLS/196198377Central Library, BUET620_111300000000000_OLS_1961Central Library, BUET2015-04-22  Circulation section2015-04-222015-04-22